Great Literature #17 - Statistics

General Stats
  • This quiz has been taken 228 times
  • The average score is 10 of 20
Answer Stats
Hint Explanation Answer % Correct
Encyclopædia Britannica, Inc. 1768 Encyclopedia Britannica
96%
A. A. Milne 1926 Winnie-the-Pooh
91%
Henrik Ibsen 1879 (Et dukkehjem) A Doll’s House
86%
Frank Herbert 1965 Dune
84%
Ayn Rand 1957 Atlas Shrugged
80%
Rudyard Kipling 1900-1901 (published serially) Kim
78%
John Updike 1990 Rabbit at Rest
69%
Friedrich Nietzsche 1887 (Zur Genealogie der Moral: Eine Streitschrift) On the Genealogy of Morality
59%
Thomas Aquinas 1274 (unfinished) Summa Theologica
52%
Robert A. Heinlein 1961 Stranger in a Strange Land
48%
John Stuart Mill 1859 On Liberty
43%
Plato 399 BCE Apology
38%
George Sand written serially, 1863-1880; first publication date as a collection unknown The ______ ____-Gustave Flaubert Letters
36%
Marguerite Yourcenar 1961 (Mémoires d'Hadrien) Memoirs of Hadrian
30%
David McCullough 1992 Truman
30%
Knut Hamsun 1890 (Sult) Hunger
28%
Edward Abbey 1968 Desert Solitaire
22%
Whittaker Chambers 1952 Witness
21%
John dos Passos 1936 The Big Money
17%
Leon Edel 1962-1972 (four volumes, published serially) Henry James
10%
No matching quizzes found
Score Distribution
Percent of People with Each Score
Percentile by Number Answered
Your Score History
You have not taken this quiz